|
|
|
|
| LEADER |
00000cam a2200000 i 4500 |
| 001 |
1/103314 |
| 008 |
950515s eng d |
| 020 |
|
|
|a 960-85039-06
|
| 035 |
|
|
|l 10012840
|
| 040 |
|
|
|a GR-MY-UA
|b gre
|e aacr
|
| 041 |
0 |
|
|a eng
|
| 082 |
0 |
|
|a 889.01
|
| 110 |
2 |
|
|a Ministry of Culture
|b Department of Letters.
|
| 245 |
1 |
0 |
|a Modern Greek literature 1984-1988 State literary awards :
|b 41th Frankfurt Book Fair /
|c Ministry of Culture, Department of Letters
|
| 260 |
|
|
|a Athens :
|b Athenian,
|
| 300 |
|
|
|a 49p.
|b ill.
|
| 650 |
0 |
0 |
|a Greek literature, Modern.
|
| 650 |
0 |
0 |
|a Greek literature
|x History and criticism.
|
| 852 |
|
|
|a INST
|b LESVOS
|e 19950515
|h 889.01 MOD
|p 005100000857
|q 005100000857
|t BK
|y 0
|
| 909 |
|
|
|a Λ
|b 021562
|
| 970 |
|
|
|z 2000/05/ΟΙΚΟΝΟΜΟΠΟΥΛΟΥ ΧΡΙΣΤΙΝΑ
|